000 00571nam a2200229Ia 4500
003 OSt
005 20220924152836.0
006 a|||||r|||| 00| 0
007 ta
008 220923b |||||||| |||| 00| 0 guj d
024 _a345070
037 _cTextual
040 _aARTS
_cARTS
_bguj
041 _2guj
_aguj
082 _aO156,1IPA,1, J9
100 _aPadamnabha
_9227620
245 0 _aKandade prabandha
260 _c1959
650 _aGUJRATI LITERATURE
942 _hO156,1IPA,1, J9
_cTEXL
_2CC
999 _c471216
_d471216